[Event "Stay Safe Play From Home 346"]
[Site "Emanuel Lasker Arena"]
[Date "2020.07.31"]
[Round "2"]
[White "SelamiSahin"]
[Black "Haris kollari 13"]
[Result "1-0"]
[WhiteElo "2106"]
[BlackElo "1704"]
[Annotator "NA"]
[PlyCount "91"]
[EventDate "2020.07.31"]
[EventType "swiss (blitz)"]

1. d4 {[%emt 0:00:01]} e6 {[%emt 0:00:00]} 2. c4 {[%emt 0:00:00]} d5 {[%emt 0:00:00]} 3. Nc3 {[%emt 0:00:00]} c6 {[%emt 0:00:00]} 4. Bf4 {[%emt 0:00:03]} f5 {[%emt 0:00:01]} 5. e3 {[%emt 0:00:01]} Nf6 {[%emt 0:00:00]} 6. Nf3 {[%emt 0:00:00]} Bd6 {[%emt 0:00:01]} 7. Bg3 {[%emt 0:00:01]} Bxg3 {[%emt 0:00:02]} 8. hxg3 {[%emt 0:00:00]} h6 {[%emt 0:00:01]} 9. Bd3 {[%emt 0:00:00]} Qe7 {[%emt 0:00:01]} 10. Qc2 {[%emt 0:00:01]} Nbd7 {[%emt 0:00:01]} 11. Ne5 {[%emt 0:00:01]} Nxe5 {[%emt 0:00:02]} 12. dxe5 {[%emt 0:00:00]} Nd7 {[%emt 0:00:01]} 13. cxd5 {[%emt 0:00:02]} cxd5 {[%emt 0:00:01]} 14. f4 {[%emt 0:00:02]} Nb6 {[%emt 0:00:02]} 15. Ne2 {[%emt 0:00:01]} Bd7 {[%emt 0:00:01]} 16. Nd4 {[%emt 0:00:01]} Rc8 {[%emt 0:00:01]} 17. Qb3 {[%emt 0:00:01]} Bc6 {[%emt 0:00:02]} 18. Nxc6 {[%emt 0:00:01]} bxc6 {[%emt 0:00:02]} 19. Rc1 {[%emt 0:00:01]} O-O {[%emt 0:00:02]} 20. Kf2 {[%emt 0:00:02]} c5 {[%emt 0:00:01]} 21. Bb5 {[%emt 0:00:02]} c4 {[%emt 0:00:02]} 22. Qc3 {[%emt 0:00:04]} Qc5 {[%emt 0:00:00]} 23. a4 {[%emt 0:00:03]} Rc7 {[%emt 0:00:04]} 24. Rhd1 {[%emt 0:00:01]} Ra8 {[%emt 0:00:02]} 25. b3 {[%emt 0:00:04]} a6 {[%emt 0:00:01]} 26. bxc4 {[%emt 0:00:01]} axb5 {[%emt 0:00:01]} 27. axb5 {[%emt 0:00:03]} Nxc4 {[%emt 0:00:02]} 28. Qd4 {[%emt 0:00:01]} Qxd4 {[%emt 0:00:01]} 29. exd4 {[%emt 0:00:01]} Ra2+ {[%emt 0:00:01]} 30. Kg1 {[%emt 0:00:02]} Rb7 {[%emt 0:00:02]} 31. Rb1 {[%emt 0:00:01]} Rd2 {[%emt 0:00:04]} 32. Rxd2 {[%emt 0:00:01]} Nxd2 {[%emt 0:00:01]} 33. Rb2 {[%emt 0:00:00]} Nc4 {[%emt 0:00:01]} 34. Rb4 {[%emt 0:00:01]} Rb6 {[%emt 0:00:01]} 35. Kf2 {[%emt 0:00:01]} Kf7 {[%emt 0:00:00]} 36. Ke2 {[%emt 0:00:00]} Ke7 {[%emt 0:00:00]} 37. Kd3 {[%emt 0:00:00]} Kd7 {[%emt 0:00:00]} 38. Kc3 {[%emt 0:00:01]} Kc7 {[%emt 0:00:01]} 39. Kb3 {[%emt 0:00:00]} Na5+ {[%emt 0:00:01]} 40. Ka4 {[%emt 0:00:01]} Nb7 {[%emt 0:00:01]} 41. Rb3 {[%emt 0:00:01]} Kb8 {[%emt 0:00:02]} 42. Rc3 {[%emt 0:00:00]} Ka7 {[%emt 0:00:01]} 43. Kb4 {[%emt 0:00:01]} Kb8 {[%emt 0:00:03]} 44. Rc1 {[%emt 0:00:02]} Nd8 {[%emt 0:00:01]} 45. Rc5 {[%emt 0:00:02]} Kb7 {[%emt 0:00:01]} 46. Ka5 {[%emt 0:00:01] Time (Lag: Av=0.51s, max=0.9s)} 1-0

[Event "Stay Safe Play From Home 346"]
[Site "Emanuel Lasker Arena"]
[Date "2020.07.31"]
[Round "2"]
[White "Stefanone"]
[Black "Hickey"]
[Result "1/2-1/2"]
[WhiteElo "2071"]
[BlackElo "2016"]
[Annotator "TA"]
[PlyCount "160"]
[EventDate "2020.07.31"]
[EventType "swiss (blitz)"]

{[%evp 9,159,-15,0,-6,5,0,0,-16,0,-18,8,1,25,29,49,16,111,96,83,102,268,22,178,6,10,-105,6,-12,36,-17,19,3,91,90,161,75,91,50,50,56,110,34,66,34,62,35,58,34,58,45,46,42,46,38,52,38,84,38,100,43,87,27,62,62,68,80,85,75,79,93,162,162,162,155,171,0,59,59,59,0,0,-248,-243,-307,-297,-359,-341,-391,-340,-339,-334,-340,0,-506,-464,-950,-1016,-1525,-1518,-1459,-821,-827,-1341,-1003,-766,-29983,-29984,-29985,-29986,-29986,-29984,-29984,-29985,-29985,-29986,-29988,-29989,-29989,-29986,-29986,-29987,-29992,-29991,-29991,-29992,-29992,-29990,-29991,-29992,-29993,-29994,-29994,-29993,-29993,-29993,-29993,-29992,-29992,-29992,-29993,-29993,-29994,-29993,-29993,-29994,-29995,-29993,-29994,-29995,-29995,-29994,-29995]} 1. d4 Nf6 2. e3 e6 3. f4 b6 4. Nf3 Bb7 5. Bd3 Be7 6. Qe2 {A45: Trompowsky Attack.} O-O 7. O-O c5 8. Nbd2 {The position is equal.} cxd4 9. exd4 Nc6 10. c3 d6 11. Ng5 {[#]} Rc8 $146 ({Predecessor:} 11... g6 12. Nde4 Qc7 13. Rf3 Rae8 14. Rh3 Nxe4 15. Bxe4 Bxg5 16. fxg5 d5 17. Bc2 e5 18. dxe5 Rxe5 {0-1 (25) Molano Lafuente,I (1929)-Montalban Galvez,A (2192) Alzira 2014}) 12. Nge4 h6 (12... g6 $11 {keeps the balance.}) 13. Nxf6+ $16 Bxf6 14. Ne4 Be7 $2 (14... Nb8 $16) 15. Qf2 $2 (15. f5 $18 exf5 16. Ng3 (16. Rxf5 Qd7 $16)) 15... Qd7 $2 (15... f5 $11 16. Nd2 Qd7) 16. h3 $2 ({Only move:} 16. f5 $18 d5 17. Ng3) 16... f5 $11 17. Ng3 (17. Nd2 $11 {remains equal.}) 17... Bf6 ({Black should play} 17... Bh4 $17 {Hoping for ...Rf6.} 18. Qe3 Rf6) 18. Bd2 (18. d5 $5 Ne7 19. dxe6 Qxe6 20. Re1 $11) 18... Qf7 19. Rae1 (19. d5 $14 Ne7 20. dxe6 Qxe6 21. Nh5) 19... Ne7 20. Kh2 a6 (20... Nd5 $11) 21. Qe2 $16 Bd5 (21... Bh4 $16) 22. Bxa6 (22. c4 $18 {has better winning chances.} Bb7 23. Qxe6 {[%mdl 64] Double Attack}) 22... Ra8 23. Bc4 Bxc4 24. Qxc4 d5 (24... Nd5 $14) 25. Qb3 (25. Qe2 $16) 25... Nc8 26. a3 Rb8 27. Qc2 Nd6 28. Qd1 Ne4 29. Nxe4 fxe4 30. Be3 Be7 31. Qe2 Bd6 32. g3 Kh7 33. Rf2 Qf5 (33... b5 $14) 34. Rg1 (34. Qb5 $16) 34... Qg6 35. Qg4 (35. c4 $16) 35... Qxg4 36. hxg4 Kg6 37. Kg2 h5 38. gxh5+ Kxh5 39. Rh1+ Kg4 (39... Kg6 $16 {was worth a try.}) 40. Rh4+ $18 Kf5 {[#]} 41. Rh5+ $1 Kf6 42. g4 $2 ({Better is} 42. f5 $18) 42... g6 (42... Rh8 $11) 43. Rh6 $14 {Threatens to win with f5.} Rh8 44. Rxh8 (44. f5 $1 $14 Rxh6 45. fxe6+ Kxe6 46. Bxh6) 44... Rxh8 {[%mdl 4096] Endgame KRB-KRB} 45. g5+ $2 {Black converts the advantage convincingly.} (45. Rf1 $11) 45... Kf5 $19 {[%mdl 1024] Black has strong compensation.} 46. Kg3 Rh1 47. Rc2 b5 48. Kg2 Rb1 49. Rf2 Be7 50. Kg3 {With the idea Rh2.} Bd6 $2 (50... Rg1+ $19 51. Kh3 Re1) 51. Kh4 $2 {[%mdl 8192]} (51. Kg2 $1 $11 {and White is okay.}) 51... Rd1 52. Kg3 (52. Bd2 $142) 52... Rd3 53. Re2 Bxf4+ {[%mdl 64] Double Attack} 54. Kf2 Rxe3 55. Rxe3 Bxe3+ 56. Kxe3 Kxg5 {KP-KP} 57. a4 bxa4 {Black mates.} 58. Kd2 Kf5 59. Kc2 e5 60. c4 exd4 61. c5 Ke5 62. b3 d3+ 63. Kc3 axb3 64. c6 d4+ 65. Kc4 Kd6 66. c7 Kxc7 67. Kxd4 {[#]} e3 $1 {[%mdl 64] Promotion} 68. Kxe3 b2 69. Kd2 b1=Q 70. Ke3 Qb4 71. Kxd3 Qb5+ 72. Ke3 Qb6+ 73. Kf3 Qc6+ 74. Kg4 Qf6 75. Kh3 g5 76. Kg3 Qf4+ 77. Kg2 Qh4 78. Kg1 g4 79. Kg2 Qh3+ 80. Kg1 g3 {Accuracy: White = 50%, Black = 52%.} 1/2-1/2

[Event "Stay Safe Play From Home 346"]
[Site "Emanuel Lasker Arena"]
[Date "2020.07.31"]
[Round "2"]
[White "SoulofWolf"]
[Black "Tolka"]
[Result "1-0"]
[WhiteElo "2015"]
[BlackElo "2269"]
[Annotator "TA"]
[PlyCount "105"]
[EventDate "2020.07.31"]
[EventType "swiss (blitz)"]

{[%evp 9,105,-10,64,62,53,51,47,41,35,32,89,64,67,66,83,78,85,61,99,102,164,167,154,125,169,111,125,101,161,125,124,113,108,91,154,104,104,77,77,87,110,57,60,60,66,58,198,141,127,136,158,112,131,78,155,120,135,65,112,112,1206,1112,1961,2145,29989,29990,29990,29991,29991,29992,29993,29993,29993,29994,29997,29998,29999,29996,29996,29997,29997,29997,29997,29997,29997,29997,29997,29998,29999,29997,29998,29999,29999,29999,29999,29999,29999,2215]} 1. c3 d6 2. d4 Nf6 3. Nd2 g6 4. f3 Bg7 5. e4 {[#]} Kf8 $146 (5... e5 $11) ({Predecessor:} 5... O-O 6. Bd3 e5 7. d5 c6 8. c4 c5 9. Ne2 Nfd7 10. g4 Qh4+ 11. Ng3 Nf6 {1-0 (24) Zhbanova,A (1465)-Oberberger,B (1102) St Veit 2016}) 6. Bd3 {A45: Trompowsky Attack.} c5 7. Ne2 cxd4 8. cxd4 {White is slightly better.} Nc6 9. O-O Qb6 ({Black should try} 9... h5 $14) 10. Nb3 a5 11. Be3 a4 12. Nd2 Nb4 13. Nc4 Qd8 14. Bb1 Be6 (14... b5 $16 {keeps fighting.}) 15. d5 $18 Bd7 16. a3 Na6 17. Bb6 ({White should play} 17. Nb6 $18) 17... Qe8 18. Bd4 Bb5 (18... b5 $16 {was called for.}) 19. Bd3 Bxc4 20. Bxc4 b5 21. Bd3 Rc8 (21... Nc5 $142) 22. Qd2 Nc5 23. Bc2 Nfd7 24. Rac1 Bxd4+ 25. Qxd4 (25. Nxd4 $16 Ne5 26. Bd1) 25... f6 $14 26. Qe3 Kg7 27. Nd4 {Strongly threatening Bd3.} Qf7 (27... Ne5 $14) 28. b4 (28. Bd3 $18) 28... axb3 $16 29. Bxb3 ({Much weaker is} 29. Nxb3 $6 Nxb3 30. Qxb3 Rb8 $11) 29... Rhe8 30. f4 Kg8 31. Ba2 ({Don't play} 31. Nxb5 Nxb3 32. Rxc8 (32. Qxb3 Rxc1 33. Rxc1 f5 $14) 32... Rxc8 $14) (31. Bc2 $142) 31... Nb6 (31... Qg7 $142) 32. Rf2 Nba4 33. Nc6 (33. Nxb5 $16 f5 34. exf5 gxf5 35. Rfc2) 33... Rc7 34. e5 fxe5 $2 {[%mdl 8192]} (34... Kh8 $16) 35. fxe5 $18 Qg7 36. exd6 Rxc6 37. dxc6+ {White mates.} Kh8 38. d7 Rd8 39. Rcf1 Nb6 40. Qxc5 Nxd7 41. cxd7 Rxd7 42. Qc8+ {[%mdl 64] Double Attack} Qf8 43. Rxf8+ Kg7 44. Qxd7 {[%mdl 64] Double Attack} Kh6 {[#]} 45. Qe6 $1 Kg5 46. Qe3+ Kh5 47. R8f4 g5 {[#]} 48. Rg4 $1 {[%csl Gg4][%cal Re3g5]} Kg6 (48... Kxg4 49. Qh3#) 49. h4 {[%csl Gg4,Gh4][%cal Re3g5]} Kg7 50. Rxg5+ Kh6 51. Qf4 {[%cal Rf4f8]} e5 52. Qg4 {[%csl Gg4][%cal Rg5h5]} e4 {[#]} 53. Rg6+ $1 {Accuracy: White = 59%, Black = 51%.} 1-0

[Event "Stay Safe Play From Home 346"]
[Site "Emanuel Lasker Arena"]
[Date "2020.07.31"]
[Round "2"]
[White "Padmaesh M K"]
[Black "Buzaglo"]
[Result "0-1"]
[WhiteElo "1902"]
[BlackElo "1853"]
[Annotator "TA"]
[PlyCount "96"]
[EventDate "2020.07.31"]
[EventType "swiss (blitz)"]

{[%evp 9,96,60,62,57,118,52,114,116,121,102,100,78,112,112,105,107,118,122,145,142,172,156,219,191,252,202,393,320,340,324,402,379,564,568,600,593,597,586,579,590,1006,691,691,618,601,593,622,622,622,622,622,622,635,191,176,166,169,176,276,272,258,213,246,-972,-965,-957,-957,-936,-915,-881,-792,-817,-838,-793,-770,-733,-591,-1611,-14,-112,0,0,406,0,45,59,29977,0,402]} 1. Nf3 e6 2. d4 d5 3. c4 c5 4. cxd5 cxd4 5. dxe6 Bxe6 6. Qxd4 {D30: Queen's Gambit Declined: Systems without Nc3.} Nf6 {[#]} (6... Nc6 $14 7. Qxd8+ Rxd8) 7. Nc3 $146 (7. Qxd8+ $1 $16 Kxd8 8. a3) ({Predecessor:} 7. Qxd8+ Kxd8 8. Bg5 Be7 9. Nc3 a6 10. g3 Nc6 11. Bg2 Kc7 12. O-O Rhd8 13. Rfd1 {0-1 (63) Herman,J (1641)-Baillie,A (1418) La Fere 2012}) 7... Qxd4 (7... Nc6 $14 8. Qxd8+ Rxd8) 8. Nxd4 $16 {White is better.} Nc6 9. Nxc6 bxc6 10. Bf4 Be7 11. g3 O-O 12. Bg2 Rac8 13. O-O c5 14. e4 Bc4 15. Rfe1 Ng4 (15... Rfd8 $16 16. Rac1 Kf8) 16. Nd5 Bd8 (16... Bxd5 $142 17. exd5 Bf6) 17. Rac1 Ba6 $2 (17... Bxa2 18. Bh3 Bxd5) 18. Bd6 Re8 19. Bh3 ({Much less strong is} 19. Rxc5 Nf6 $18) (19. Bxc5 Ne5 $18) 19... h5 20. f3 f5 (20... Rc6 $142 21. e5 (21. fxg4 Rxd6 22. gxh5 Kf8 $16) 21... Bc4) 21. fxg4 $18 hxg4 22. Bg2 fxe4 23. Rxe4 Rxe4 24. Bxe4 Ba5 25. Bf5 Rd8 26. Ne7+ Kf7 27. Bxc5 Bb6 28. Bxb6 axb6 29. Nc6 Rd2 30. Rc2 Rd1+ 31. Kf2 $2 (31. Kg2) 31... Rf1+ 32. Ke3 Rxf5 {[%mdl 4096] Endgame KRB-KRN} 33. Nd4 Rf6 (33... Re5+ {is a better defense.} 34. Kf4 Re1) 34. Rc7+ Kg6 35. Ke4 Bf1 36. Rb7 $4 {[%mdl 8192]} (36. Ke5 $18) 36... Bg2+ $19 {[%mdl 64] Skewer} 37. Ke3 Bxb7 38. b3 {[#]} b5 $1 39. Nxb5 Rf7 40. Nd6 Re7+ 41. Kd4 Kf6 42. Kc5 Ke6 {And now ...Rc7+ would win.} 43. Nxb7 {KR-KN} Kd7 $2 (43... Rxb7 $19 44. Kc6 Rb8) 44. Kc4 (44. Kd5 $11 {keeps the balance.}) 44... Ke8 (44... Kc6 $17 45. Nc5 Re2) 45. Nc5 $11 Kf7 $2 {[%mdl 8192]} (45... Re2 $11 {and Black stays safe.} 46. a4 Kd8) 46. Kb4 $2 (46. a4 $18) 46... Rc7 47. Kb5 {a4 is the strong threat.} Rb7+ $2 {[%mdl 8192]} (47... Ke7 $14) 48. Kc4 $2 (48. Nxb7 {mates} Ke6 49. Kc6 Ke5 50. Nc5 Kd4 51. b4 g6 52. b5 Ke3 53. a4) 48... Rc7 $2 {[%mdl 40960] White used his chance. Accuracy: White = 52%, Black = 25%. . Loss on time!?} (48... Re7 $11) 0-1

[Event "Stay Safe Play From Home 346"]
[Site "Emanuel Lasker Arena"]
[Date "2020.07.31"]
[Round "2"]
[White "Mw testing"]
[Black "AChessPlayer"]
[Result "0-1"]
[WhiteElo "1597"]
[BlackElo "2397"]
[Annotator "TA"]
[PlyCount "84"]
[EventDate "2020.07.31"]
[EventType "swiss (blitz)"]

{[%evp 24,84,27,20,27,17,23,17,29,12,16,-22,-22,-39,-32,-27,-31,-41,-49,-49,-49,-88,-38,-60,-57,-121,-73,-81,-79,-64,-60,-121,0,-16,34,0,0,3,47,62,185,55,55,16,41,0,0,0,0,-68,0,-72,0,-88,-88,-88,-92,-122,-122,-289,-286,-305,-276]} 1. d4 Nf6 2. c4 g6 3. Nc3 Bg7 4. e4 d6 5. Be3 O-O 6. f3 c5 7. Nge2 Nc6 8. Qd2 cxd4 9. Nxd4 Nxd4 10. Bxd4 Be6 11. Be2 Nd7 12. O-O Bxd4+ 13. Qxd4 Qb6 {B38: Sicilian: Maroczy Bind with 5...Bg7 and 7...0-0.} 14. Qxb6 Nxb6 15. b3 a5 {[#] The position is equal.} 16. Rad1 $146 ({Predecessor:} 16. f4 f6 17. Bf3 Rad8 18. Rae1 Nd7 19. Rf2 Nc5 20. Rd2 Rc8 21. e5 dxe5 22. fxe5 {½-½ (36) Meissen,F (2399)-Anokhin,Y (2421) ICCF email 2018}) 16... a4 17. Nd5 Bxd5 18. exd5 axb3 19. axb3 Ra2 20. Bd3 Rfa8 21. Rfe1 Kf8 22. Re2 R8a3 23. Rxa2 Rxa2 $15 {[%mdl 4096] Endgame KRB-KRN} 24. Re1 (24. b4 $15) 24... Rb2 25. Rb1 Rd2 26. Bf1 Nd7 27. Ra1 ({White should try} 27. b4 $15) 27... Nc5 (27... Rb2 $1 $17 28. f4 h5) 28. b4 Nb3 29. Ra8+ Kg7 30. Rb8 Rd1 31. Kf2 Nd2 (31... Rb1 $14) 32. Bd3 (32. Ke2 $18 Rxf1 33. Kxd2 (33. Rxb7 Rc1 $14)) 32... Rc1 $14 33. Ke2 Nxc4 34. Bxc4 (34. Rxb7 $5 {[%cal Rb7c7]} Ne5 35. Rxe7 $14) 34... Rxc4 35. Rxb7 $11 {KR-KR} Kf6 36. b5 (36. Kd3 $11 Rc1 37. b5) 36... Rb4 (36... Rd4 $1 $15) 37. b6 {[#]} (37. Kd3 $11) 37... Rb2+ (37... Rd4 $1 $17) 38. Kf1 (38. Kd3 $11 {remains equal.}) 38... g5 $17 39. Rb8 {[#]} h5 $1 40. b7 h4 41. Rg8 $2 (41. Kg1 $17 {was called for.}) 41... Rxb7 $19 42. Rf8 Rb1+ {Accuracy: White = 43%, Black = 57%.} 0-1

[Event "Stay Safe Play From Home 346"]
[Site "Emanuel Lasker Arena"]
[Date "2020.07.31"]
[Round "3"]
[White "NTBT_DHS"]
[Black "Mepe_Nika"]
[Result "1-0"]
[WhiteElo "2610"]
[BlackElo "2429"]
[Annotator "TA"]
[PlyCount "135"]
[EventDate "2020.07.31"]
[EventType "swiss (blitz)"]

{[%evp 10,134,32,18,26,30,43,51,58,62,62,57,52,33,29,15,31,51,35,0,0,0,18,0,63,91,343,371,623,611,1495,1495,1385,620,497,180,184,175,290,131,216,223,148,53,72,28,38,11,16,10,14,0,0,-16,-27,-247,40,-258,-102,-134,-130,-312,-79,-139,-153,-135,-141,-212,-214,-230,-148,-199,803,795,787,783,901,885,1114,1108,1068,1062,1364,1399,1366,1198,1921,1154,12836,12827,12843,12839,12839,12835,12839,2930,1946,0,12844,12841,29992,29993,29993,29993,29993,29992,29992,12850,29996,12850,29997,29996,29996,12850,12851,27999,12851,27999,29999,27999,27999,27999,27999,27999,27999,27999,27999]} 1. e4 c6 2. Nf3 d5 3. Nc3 Bg4 4. h3 Bxf3 5. Qxf3 e6 6. Be2 Nd7 {B11: Caro-Kann: Two Knights Variation.} 7. d4 Bb4 8. O-O {[%cal Re4d5] [#]} Bxc3 $146 {White is slightly better.} ({Predecessor:} 8... Qh4 9. Bf4 Ngf6 10. e5 Ng8 11. Nd1 Nh6 12. Ne3 Bd2 13. g4 Bxe3 14. Qxe3 Qe7 {1-0 (38) Mrva,M (2467)-Smolen,J (2403) Slovakia 2009}) 9. bxc3 dxe4 10. Qxe4 Ngf6 11. Qh4 O-O 12. Bd3 Qa5 13. Bd2 c5 14. Qg5 Qc7 15. Rfe1 Rac8 16. Re3 h6 ({Better is} 16... Rfe8 $11) 17. Qh4 $1 $36 {[%mdl 2048] Rg3! is the strong threat. White has strong initiative.} Rfd8 $2 {[%mdl 8192]} (17... c4 $16) 18. Rg3 $18 Kf8 $2 {[#]} (18... Ne8 19. Bxh6 Nf8) 19. Rxg7 $1 {[%mdl 512]} Kxg7 20. Bxh6+ Kh8 21. Bg5+ (21. Bf4+ $142 Kg7 22. Qg3+ Kf8 23. Bxc7) 21... Kg8 22. Bxf6 $2 (22. Re1) 22... Nxf6 23. Qxf6 {And now Re1 would win.} cxd4 (23... Kf8 $142 24. Re1 Rd6) 24. cxd4 (24. Re1 $18 dxc3 25. Re3 Rxd3 26. Rxd3) 24... Qc3 (24... Kf8 $16) 25. Rd1 $1 {aiming for Qh6.} Kf8 26. Qh8+ (26. Bg6 $142 $1 {[%csl Gg6][%cal Rf6f7]} Rd7 27. h4) 26... Ke7 $16 27. Qh4+ Kf8 $1 28. Qh6+ Ke7 29. Qg5+ Kf8 30. Bh7 Rd7 31. d5 Qg7 32. Qh4 $2 {[#]} (32. Qh5 $1 $11 {and White has nothing to worry.}) 32... Rcd8 $2 ({Worse is} 32... Rxd5 33. Rxd5 exd5 34. Qb4+ Ke8 35. Qxb7 $14) ({Inferior is} 32... exd5 33. Qa4 $14) ({Black should try} 32... f5 $1 $19 33. Bg6 Qxg6 34. Qh8+ Qg8 35. Qf6+ Rf7 36. Qxe6 Rd8 37. Qh6+ Qg7) 33. d6 $2 {[%mdl 8192]} (33. Rd3 $14 {stays ahead.} Rxd5 34. Rg3) 33... Rxd6 $2 (33... f5 $19 34. Rd3 Re8 35. Bxf5 exf5) 34. Re1 Rd4 35. Be4 $2 (35. g4 $17) 35... Qe5 $2 (35... f5 $19 {and Black stays clearly on top.} 36. c3 Rd1) 36. Qh6+ (36. f4 $142 Qc5 37. Kh2) 36... Ke7 $17 37. Qh4+ {[#]} Qf6 $1 {[%cal Rf6h4]} 38. Qxf6+ (38. Qh5 $17 {was necessary.}) 38... Kxf6 $19 39. Bxb7 $17 {[%mdl 4096] Endgame KRR-KRB} Ke7 40. Bf3 (40. Be4 $17 {might work better.}) 40... Rd1 $4 {[%mdl 8192]} (40... Ra4 $19 41. Ra1 Rd2) 41. Rxd1 $18 {KRB-KR} Rc8 42. Rd3 Kf6 43. Ra3 Rb8 44. Rxa7 Rb1+ 45. Kh2 Rb2 46. g4 Rb1 47. Kg3 Rc1 48. g5+ Kg7 49. h4 Rxc2 50. Ra5 Rc3 51. Ra4 Kf8 52. Rf4 e5 53. h5 $2 (53. Ra4 $18 f6 54. gxf6) 53... e4 $2 {[%mdl 8192]} (53... exf4+ $11 54. Kxf4 f6) 54. Rxe4 Rxf3+ 55. Kxf3 {KR-KP} Kg7 56. Rf4 Kf8 {[#]} 57. Rf6 $1 Kg7 {[#]} 58. Rxf7+ $3 {KR-K} Kg8 {[#]} (58... Kxf7 59. a4) 59. a4 $3 Kh8 60. a5 Kg8 {[#]} 61. a6 $1 Kxf7 {KP-KP} 62. a7 Ke6 63. a8=Q Kf5 {White mates.} 64. Qa6 Kxg5 65. Qc6 Kh4 66. Qg6 Kh3 67. Qg4+ Kh2 68. Qg2# {Both players deserved the win here. Accuracy: White = 47%, Black = 41%.} 1-0

[Event "Stay Safe Play From Home 346"]
[Site "Emanuel Lasker Arena"]
[Date "2020.07.31"]
[Round "3"]
[White "AChessPlayer"]
[Black "SoulofWolf"]
[Result "1-0"]
[WhiteElo "2397"]
[BlackElo "2042"]
[Annotator "TA"]
[PlyCount "125"]
[EventDate "2020.07.31"]
[EventType "swiss (blitz)"]

{[%evp 11,124,-6,-4,-40,-48,-46,-32,-31,-20,-33,-33,-41,12,-22,-32,-33,0,0,0,-45,22,-69,-68,-84,-81,-104,-81,-99,-100,-74,-93,-88,-57,-122,-43,-37,0,0,68,62,98,68,61,75,106,89,176,173,169,158,174,145,205,166,176,160,296,254,284,-406,696,723,722,703,1213,756,716,609,991,980,916,932,808,493,856,856,29977,29978,29974,29975,5281,1939,1939,1939,1742,1818,29989,29990,29992,29979,29977,29978,29978,29943,12847,12822,29986,29987,29987,29988,29990,29988,29989,29989,29993,29994,29994,29995,29996,29997,29998,29998,29998,29999,29999]} 1. Nf3 d5 2. g3 c5 3. Bg2 Nf6 4. O-O g6 5. d3 Bg7 6. Nbd2 Nc6 7. c4 {A08: King's Indian Attack.} O-O 8. cxd5 Nxd5 9. Rb1 {[#] Black is slightly better.} Nc7 $146 ({Predecessor:} 9... b6 10. a3 Bb7 11. Ne4 h6 12. h4 e6 13. e3 f5 14. Ned2 Qd7 15. Qe2 Rad8 {0-1 (35) Kowalczyk,M (2038)-Zylka,S (2305) Szczawno Zdroj 2018}) 10. a3 a5 11. Nc4 Bg4 (11... Ra6 $15) 12. h3 Be6 13. Be3 Nd4 (13... b5 $5 {[%cal Rb5c4]} 14. Ncd2 Nd4 $11) 14. Bxd4 cxd4 15. a4 Rb8 (15... Na6 $15) 16. Nfd2 ({White should play} 16. Nxa5 $11 Bd5 17. Qc2) 16... b6 $15 17. b3 Nd5 18. Ne4 h6 19. Rc1 f5 20. Ned2 Nc3 21. Qe1 Qd7 22. Nf3 (22. f4 $15) 22... g5 ({Black should try} 22... Bxc4 $1 $17 23. dxc4 e5) 23. Nfe5 Qc7 (23... Bxe5 $5 24. Nxe5 Qd6 $11) 24. Nc6 {Black must now prevent e3.} Rbe8 (24... Bxc4 $1 $11 25. bxc4 Rbe8) 25. e3 $14 Bd5 26. Nxd4 Bxg2 27. Kxg2 Qb7+ 28. Kg1 Nd5 (28... Na2 $16 {keeps fighting.}) 29. Ne6 $36 {[%mdl 2048] White is on the roll.} Rf6 30. Nxg7 Kxg7 31. e4 fxe4 (31... Nb4 $16 {was called for.}) 32. dxe4 Nb4 {next ...Nd3 is good for Black.} 33. Qe3 e5 (33... Rd8 $16 {was worth a try.} 34. Ne5 Qb8) 34. Rcd1 Qe7 35. Nd6 $4 {[%mdl 8192]} (35. Rd2 $18 {avoids the disaster.}) 35... Rd8 $4 {[%mdl 8192] White leaves nothing to chance now.} (35... Rxd6 $19 36. Rxd6 Qxd6) 36. Nf5+ Rxf5 37. exf5 Re8 38. Rfe1 Qf6 39. Qe4 {[#] And now Rd7+ would win.} Re7 40. Rd8 Nc6 41. Rc8 Nd4 42. Qa8 {Intending Rh8 and mate.} Nxf5 (42... Qxf5 $142 43. Rg8+ Kh7) 43. Rg8+ Kf7 44. Rf8+ Kg6 45. Rxf6+ Kxf6 46. Qf3 {Threatening mate with g4.} Kg6 47. Qe4 Kf6 48. g4 Nh4 49. Rc1 Re6 50. Rc6 Rxc6 51. Qxc6+ {[%mdl 64] [#] Double Attack} Ke7 52. Qxb6 Nf3+ 53. Kh1 e4 54. Qxa5 {White mates.} Ke6 55. Qb6+ Ke5 56. Qe3 Kd5 57. a5 Nh4 58. a6 Ng6 59. a7 Nf4 60. a8=Q+ Ke5 61. Qaxe4+ Kf6 62. Qe7+ Kg6 63. Q3e4# {Accuracy: White = 55%, Black = 35%.} 1-0

[Event "Stay Safe Play From Home 346"]
[Site "Emanuel Lasker Arena"]
[Date "2020.07.31"]
[Round "3"]
[White "Nuktotitakoi"]
[Black "Mw testing"]
[Result "1-0"]
[WhiteElo "2318"]
[BlackElo "1597"]
[Annotator "TA"]
[PlyCount "35"]
[EventDate "2020.07.31"]
[EventType "swiss (blitz)"]

{[%evp 9,35,6,28,27,38,24,6,-2,43,0,87,-56,-53,-49,40,31,85,-44,159,175,540,533,712,702,691,698,735,729]} 1. e4 g6 2. Nc3 Bg7 3. Nf3 d6 4. d4 Nf6 5. h4 h5 6. Bg5 {B08: Pirc Defence: Classical System.} Bg4 {[#]} 7. Qe2 $146 ({Predecessor:} 7. Be2 O-O 8. Nd2 Bxe2 9. Qxe2 Nc6 10. Nf3 Nh7 11. O-O-O Nxg5 12. hxg5 e5 13. d5 {0-1 (35) Moradiabadi,E (2586)-Mamedov,R (2659) Dubai 2014}) 7... O-O 8. O-O-O {The position is equal.} Nc6 9. e5 Ne8 (9... Nd7 $11 {keeps the balance.}) 10. exd6 (10. Qe3 $16) 10... cxd6 $15 11. Nd5 {[%cal Rd5e7]} f6 (11... Be6 $15 12. Nc3 d5) 12. Be3 $36 {[%mdl 2048] White has some pressure.} Qa5 (12... e6 $14 13. Nf4 Ne7) 13. Nc3 ({White should play} 13. Qc4 $16 {Hoping for Nxf6+.} e6 14. Nf4) 13... b5 $2 (13... d5 $15) 14. Qxb5 $16 Qc7 $2 (14... Rc8 {is a better chance.} 15. Kb1 Qxb5 16. Bxb5 Na5) 15. Nd5 $18 {[%cal Bc3d5,Bd5e7,Be7c6][%mdl 32] White is clearly winning.} Qd7 {[#]} 16. Qxc6 $1 {[%mdl 576] Remove Defender, Deflection, Decoy} Qxc6 17. Nxe7+ {[%mdl 64] Double Attack} Kf7 18. Nxc6 {Accuracy: White = 59%, Black = 20%.} 1-0